L'uomo duplicato /

Guardat en:
Dades bibliogràfiques
Autor principal: Saramago, José
Altres autors: Desti, Rita
Format: Llibre
Idioma:italià
Publicat: Milano : Feltrinelli, 2010
Col·lecció:Universale economica ; 2171
Etiquetes: Afegir etiqueta
Sense etiquetes, Sigues el primer a etiquetar aquest registre!

MARC

LEADER 00000nam a2200000 i 4500
001 IT\ICCU\UBO\3792282
003 ItRI
005 20251118192403.0
008 100512s2010 it |||||| ||||| |||||c
020 |a 9788807721717 
040 |b ita  |c Arcigay Viterbo 
041 7 |a ita  |2 ISO-639-2 
082 |a 869.342  |2 19 
100 1 |a Saramago, José  |0 IT\ICCU\CFIV\042098 
240 1 2 |a O homem duplicado  |9 Saramago, José 
245 1 2 |a L'uomo duplicato /  |c José Saramago ; traduzione di Rita Desti. 
260 |a Milano :  |b Feltrinelli,  |c 2010 
300 |a 270 p. ;  |c 20 cm. 
700 1 |a Desti, Rita  |0 IT\ICCU\CFIV\041750 
830 0 |a Universale economica ;  |v 2171  |0 IT\ICCU\CFI\0001103 
942 |2 ddc  |c BK  |n 0 
952 |0 0  |1 0  |2 ddc  |4 0  |6 869_342000000000000_SAR_UOM  |7 0  |9 9951  |a VT  |b VT  |d 2025-11-18  |e Dono di Ennio Piccirilli  |i B561  |l 0  |o 869.342 SAR UOM  |p B561  |r 2025-11-18 19:24:46  |w 2025-11-18  |y BK  |z Dono di Ennio Piccirilli 
981 1 |6 z01  |a i   |b xxxe  
982 1 |6 z01  |a n 
999 |c 8296  |d 8296